LEADER 02725nam 2200565 450 001 9910786532903321 005 20230803203022.0 010 $a0-19-999570-2 010 $a0-19-999569-9 035 $a(CKB)3710000000128615 035 $a(EBL)1712401 035 $a(SSID)ssj0001223960 035 $a(PQKBManifestationID)12432593 035 $a(PQKBTitleCode)TC0001223960 035 $a(PQKBWorkID)11260473 035 $a(PQKB)11694839 035 $a(MiAaPQ)EBC1712401 035 $a(Au-PeEL)EBL1712401 035 $a(CaPaEBR)ebr10882711 035 $a(CaONFJC)MIL620247 035 $a(OCoLC)881431214 035 $a(EXLCZ)993710000000128615 100 $a20140624h20142014 uy 0 101 0 $aeng 135 $aur|n|---||||| 181 $ctxt 182 $cc 183 $acr 200 10$aBipolar disorder /$fStephen M. Strakowski 210 1$aOxford, England :$cOxford University Press,$d2014. 210 4$dİ2014 215 $a1 online resource (129 p.) 225 1 $aOxford American Psychiatry Library 300 $aDescription based upon print version of record. 311 $a0-19-999568-0 320 $aIncludes bibliographical references at the end of each chapters and index. 327 $aCover; Bipolar Disorder; Copyright; Dedication; Contents; 1. Introduction; 2. Making a Diagnosis of Bipolar Disorder; 3. Epidemiology of Bipolar Disorder; 4. Illness Comorbidity and Co-occurrence in Bipolar Disorders; 5. Neurophysiology of Bipolar Disorder; 6. Genetics of Bipolar Disorder; 7. Psychopharmacologic Management of Bipolar Disorder; 8. Psychotherapy and Complementary Treatments; 9. A Programmatic Approach to Treatment; 10. Managing Special Populations; Appendix Example Mood Chart; Index 330 $aBipolar disorder is one of the most common and disabling conditions affecting humankind. It is a leading cause of disability and mortality worldwide, affecting millions of people. The illness is complex and dynamic, so that many individuals are misdiagnosed for years and clinicians struggle with identifying the most appropriate and successful treatment. Because it is complex and common, people suffering from bipolar disorder seek help from clinicians of all types - from psychiatrists, family doctors, gynecologists, and internists to psychologists, social workers and other therapists. For clini 410 0$aOxford American psychiatry library. 606 $aBipolar disorder 615 0$aBipolar disorder. 676 $a616.895 700 $aStrakowski$b Stephen M.$01493277 801 0$bMiAaPQ 801 1$bMiAaPQ 801 2$bMiAaPQ 906 $aBOOK 912 $a9910786532903321 996 $aBipolar disorder$93734850 997 $aUNINA LEADER 03840nam 2200601Ia 450 001 9910830444403321 005 20230607213139.0 010 $a1-280-36658-3 010 $a9786610366583 010 $a0-470-31316-1 010 $a0-471-46102-4 010 $a0-471-22194-5 035 $a(CKB)111056485583006 035 $a(EBL)152100 035 $a(OCoLC)475871961 035 $a(SSID)ssj0000174959 035 $a(PQKBManifestationID)11157085 035 $a(PQKBTitleCode)TC0000174959 035 $a(PQKBWorkID)10188432 035 $a(PQKB)10480698 035 $a(MiAaPQ)EBC152100 035 $a(EXLCZ)99111056485583006 100 $a20010619d2001 uy 0 101 0 $aeng 135 $aur|n|---||||| 181 $ctxt 182 $cc 183 $acr 200 00$aHuman polyomaviruses$b[electronic resource] $emolecular and clinical perspectives /$fedited by Kamel Khalili, Gerald L. Stoner 210 $aNew York $cWiley-Liss$dc2001 215 $a1 online resource (714 p.) 300 $aDescription based upon print version of record. 311 $a0-471-39009-7 320 $aIncludes bibliographical references and index. 327 $aHUMAN POLYOMAVIRUSES; CONTENTS; PREFACE; CONTRIBUTORS; 1 Progressive Multifocal Leukoencephalopathy: The Discovery of a Neurologic Disease; 2 Papova Virions in Progressive Multifocal Leukoencephalopathy: A Discovery at the Interface of Neuropathology, Virology, and Oncology; 3 Progressive Multifocal Leukoencephalopathy: Cultivation and Characterization of the Etiologic Agent; 4 Serendipity-The Fortuitous Discovery of BK Virus; 5 The Human Polyomaviruses: An Overview; 6 Transcription and Replication in the Human Polyomaviruses; 7 The Archetype Concept and Regulatory Region Rearrangement 327 $a8 Synthesis and Assembly of Polyomavirus Virions9 Cellular Receptors for the Polyomaviruses; 10 Latent and Persistent Polyomavirus Infection; 11 Clinical Progressive Multifocal Leukoencephalopathy: Diagnosis and Treatment; 12 The Neuropathology and Pathogenesis of Progressive Multifocal Leukoencephalopathy; 13 Laboratory Findings in Progressive Multifocal Leukoencephalopathy; 14 Molecular Biology of BK Virus and Clinical and Basic Aspects of BK Virus Renal Infection; 15 JC Virus in Experimental and Clinical Brain Tumorigenesis; 16 Evidence for BK Virus as a Human Tumor Virus 327 $a17 SV40 and Human Tumors18 Molecular Evolution and Epidemiology of JC Virus; 19 The Epidemiology of BK Virus and the Occurrence of Antigenic and Genomic Subtypes; 20 The Epidemiology of SV40 Infection Due to Contaminated Polio Vaccines: Relation of the Virus to Human Cancer; 21 The Immune Response to SV40, JCV, and BKV; 22 The Human Polyomaviruses: Past, Present, and Future; INDEX 330 $aHuman PolyomavirusesMolecular and Clinical perspectivesEdited by Kamel Khalili and Gerald L. StonerOur understanding of human polyomaviruses has evolved profoundly in the last fifteen years, creating an urgent need for an updated resource. Drs. Khalili and Stoner have collected the contributions of renowned researchers and clinicians in this cutting-edge volume. Human Polyomaviruses: Molecular and Clinical Perspectives presents in-depth analyses, comprehensive reviews, and timely assessments of recent discoveries and ongoing controversies focused on these important viral pathogen 606 $aPolyomaviruses 606 $aOncogenic DNA viruses 615 0$aPolyomaviruses. 615 0$aOncogenic DNA viruses. 676 $a616.0194 676 $a616/.0194 701 $aKhalili$b Kamel$f1951-$01686424 701 $aStoner$b Gerald L.$f1943-$01701175 801 0$bMiAaPQ 801 1$bMiAaPQ 801 2$bMiAaPQ 906 $aBOOK 912 $a9910830444403321 996 $aHuman polyomaviruses$94084740 997 $aUNINA